Một số biện pháp đổi mới cơ chế phân bổ ngân sách nhà nước cho hoạt động nghiên cứu khoa học tại các trường đại học

Guardat en:
Dades bibliogràfiques
Autor principal: Nguyễn, Vĩnh Khương
Altres autors: Nguyễn, Thị Yến Nam
Format: Llibre
Idioma:Undetermined
Matèries:
Accés en línia:http://lrc.tdmu.edu.vn/opac/search/detail.asp?aID=2&ID=27092
Etiquetes: Afegir etiqueta
Sense etiquetes, Sigues el primer a etiquetar aquest registre!
Thư viện lưu trữ: Trung tâm Học liệu Trường Đại học Thủ Dầu Một
LEADER 00844nam a2200157Ia 4500
001 TDMU_27092
008 210410s9999 xx 000 0 und d
082 |a 634.9 
100 |a Nguyễn, Vĩnh Khương 
245 0 |a Một số biện pháp đổi mới cơ chế phân bổ ngân sách nhà nước cho hoạt động nghiên cứu khoa học tại các trường đại học 
245 0 |c Nguyễn Vĩnh Khương, Nguyễn Thị Yến Nam 
300 |a Tr.129-135 
650 |a Giáo dục đại học và nhà nước; Trường đại học; Nghiên cứu khoa học; Ngân sách; Cơ chế 
700 |a Nguyễn, Thị Yến Nam 
856 |u http://lrc.tdmu.edu.vn/opac/search/detail.asp?aID=2&ID=27092 
980 |a Trung tâm Học liệu Trường Đại học Thủ Dầu Một